BALANCE SHEET DECODED KEYS TO UNLOCK BAL (Record no. 31836)

MARC details
000 -LEADER
fixed length control field 00366nam a2200145Ia 4500
008 - FIXED-LENGTH DATA ELEMENTS--GENERAL INFORMATION
fixed length control field 240624s9999 xx 000 0 und d
041 ## - LANGUAGE CODE
Language code of text/sound track or separate title eng
082 ## - DEWEY DECIMAL CLASSIFICATION NUMBER
Classification number 657.3 PIP
100 ## - MAIN ENTRY--PERSONAL NAME
Personal name PIPARA G C
245 ## - TITLE STATEMENT
Title BALANCE SHEET DECODED KEYS TO UNLOCK BAL
250 ## - EDITION STATEMENT
Edition statement (2nd ed.)
260 ## - PUBLICATION, DISTRIBUTION, ETC.
Date of publication, distribution, etc. 2018
Place of publication, distribution, etc. New Delhi
Name of publisher, distributor, etc. Taxmann
300 ## - PHYSICAL DESCRIPTION
Extent i-32, 436 p.; 25 cm.
365 ## - TRADE PRICE
Currency code RS
Price amount 30
Holdings
Withdrawn status Lost status Damaged status Not for loan Home library Current library Shelving location Date acquired Cost, normal purchase price Total Checkouts Full call number Barcode Date last seen Date last checked out Copy number Price effective from Koha item type
        IMTN IMTN Rack 21-A 08/06/2019 990.00 1 657.3 PIP 31836 07/29/2024 07/09/2024 1 06/24/2024 Books
Designed & Maintained by: LRC IMT Nagpur Contact: lrc@imtnag.ac.in© 2024. All Rights Reserved.